000 00861nam a22002897a 4500
001 0074
003 DO-SdBNP
005 20180206120808.0
007 0074
008 151026b sp 1971 xxu||||| |||| 00| 0 spa d
040 _aBPMSU
_bspa
_cBPMSU
041 1 7 _aspa
_heng
092 _axxxxxxxx
_bxxxxxxxx
100 1 0 _aBlyton, Enid
245 1 0 _aUn susto para los siete secretos /
_cEnid Blyton ; traducción Federico Ulsamer ; ilustración Burgess Sharrocks
246 1 0 _aShock for the secret seven
250 _a4a ed.
260 _aBarcelona, España :
_bJuventud,
_c1971.
300 _a124 p. :
_bil.,
_c20 cm.
490 1 0 _aClub de los cinco
_v13
700 1 0 _aUlsamer, Federico,
_etr.
710 1 0 _aSharrocks, Burgess,
_eil.
830 0 0 _aClub de los cinco
_n13
942 _2ddc
_cBK
945 _ainventariado, 2018 / dg
956 _aBrenda Tavárez
999 _c8462
_d8462